00418nam a2200145Ia 4500003000400000005001700004008004100021040000900062082001800071100003800089245006600127260005100193300000800244650002000252OSt20200215105408.0190216s9999||||xx |||||||||||||| ||und|| coclc a297.54bVEN/Z a Vennakkode, M P M Basheer Faizee 0aZakath Adhunika Padhanam /c M P M Basheer Faizee Vennakkode bPoomkavanam Books Publishers,c1991.aCalicut: a53p aIslamic History